Victoire de Pogacar en 2025 - Statistiques

Statistiques générales
  • Ce quiz a été pris 16 fois
  • Le résultat moyen est 6 sur 20
Statistiques - réponses
Réponse % Correct
Tour de France
100%
Tour des Flandres
69%
Liège Bastogne Liège
62%
Championnat du monde course en ligne
54%
Tour de Lombardie
46%
Championnat d'Europe course en ligne
38%
UAE tour
38%
Flèche Wallone
31%
Strade Bianche
31%
Critérium du Dauphiné
23%
étape 13 Tour de France
23%
étape 12 Tour de France
15%
étape 1 Critérium du Dauphiné
15%
étape 3 UAE tour
15%
étape 4 Tour de France
15%
étape 6 Critérium du Dauphiné
15%
étape 7 Critérium du Dauphiné
15%
étape 7 Tour de France
15%
étape 7 UAE tour
15%
Trois vallées varésines
8%
Aucun quiz correspondant
Distribution des résultats
% des personnes avec chaque résultat
Percentile par nombre de réponses
Votre historique - résultats
Vous n’avez pas pris ce quiz